00758nam a2200193Ia 4500003000900000008004100009020001800050040001600068080001600084100002400100245013000124260006500254300001700319490001700336650003800353942000700391999001700398952014900415IN-BaIIA211028s9999 xx 000 0 eng d a0-8194-2515-X cIIA Library a535.31bMAH aMahajan, V.N922202 0aOptical imaging and aberrationsbpt. 1, ray geometrical opticscV. N. Mahajan  aUSAbThe International Society for Optical Engineeringc1998 axxiii, 469p. aSPIE v. PM45 aOptics, Geometrical optics921555 cBK c12673d12673 00104070aBANbBANcGENd1998-09-14eSPIE g1000.00l3m7o535.31/ MAHp13590r2026-05-26s2025-03-18v1000.00w1998-09-14yBKGRs. 1000.00